[Event "Cheliabinsk Panchenko Memorial op-A"]
[Site "Cheliabinsk"]
[Date "2020.09.12"]
[Round "6"]
[White "Fedoseev, Vladimir1"]
[Black "Rakhmanov, Alexander"]
[Result "1/2-1/2"]
[WhiteElo "2678"]
[BlackElo "2645"]
[PlyCount "79"]
[EventDate "2020.09.07"]
[EventType "swiss"]
[EventRounds "9"]
[EventCountry "RUS"]
[SourceTitle "CBM 198 Extra"]
[Source "ChessBase"]
[SourceDate "2020.11.30"]
[SourceVersion "1"]
[SourceVersionDate "2020.11.30"]
[SourceQuality "1"]

1. d4 d5 2. c4 e6 3. Nf3 a6 4. Bg5 Be7 5. Bxe7 Qxe7 6. Nbd2 Nf6 7. Rc1 O-O 8. Qb3 $146 ({RR} 8. g3 b6 9. Bg2 Bb7 10. O-O c5 11. Qb3 b5 12. cxd5 Bxd5 13. Qa3 b4 14. Qa5 cxd4 15. Nxd4 Bxg2 16. Kxg2 Ra7 17. N2f3 Rb7 18. Rfd1 Rd7 19. Rc4 Rd5 20. Qb6 g6 21. Rdc1 e5 22. Rc7 Nfd7 {Gretarsson,H (2485)-Adarsh,T (2340) Piestany SVK 2024 ½-½ (36)}) ({RR} 8. g3 b6 9. Bg2 Bb7 10. O-O Rc8 11. Qb3 Nbd7 12. Rfd1 c5 13. cxd5 Bxd5 14. Qa3 Kf8 15. dxc5 Rxc5 16. Rxc5 Qxc5 17. b4 Qe7 18. Qb2 a5 19. bxa5 Rxa5 20. Nb3 Qa3 21. Qc3 Rc5 22. Qd2 Bxb3 {Deac,B (2680)-Nakamura,H (2802) chess.com INT 2024 0-1}) ({RR} 8. g3 c6 9. Bg2 Nbd7 10. O-O e5 11. cxd5 e4 12. d6 Qxd6 13. Nc4 Qe7 14. Nfe5 Rd8 15. Qc2 Nf8 16. Rfd1 Bf5 17. Ne3 Bg6 18. Rd2 Ne6 19. Rcd1 Nc7 20. Qc5 Qxc5 21. dxc5 Rxd2 22. Rxd2 Ne6 {Yakubboev,N (2689)-Le Tuan Minh (2585) Hong Kong HKG 2026 0-1 (49)}) ({RR} 8. g3 b6 9. Bg2 Bb7 10. cxd5 exd5 11. Qc2 c6 12. O-O Nbd7 13. e3 Rac8 14. Qb3 Rc7 15. Rc2 c5 16. dxc5 bxc5 17. Qa3 Qd8 18. Rfc1 h6 19. Nb3 c4 20. Na5 Ba8 21. b3 Rc5 22. b4 Rc8 {Fedoseev,V (2674)-Nagy,G (2491) Chess.com INT 2020 1-0 (57)}) 8... c6 9. e3 Nbd7 10. Qc3 Re8 11. Be2 e5 12. dxe5 Nxe5 13. Nxe5 Qxe5 14. Qxe5 Rxe5 15. O-O Bg4 16. Bxg4 Nxg4 17. Nf3 Rh5 18. Rfd1 Nf6 19. b3 Re8 20. h3 Kf8 21. Nd4 g6 22. c5 Rhe5 23. b4 Nd7 24. a4 Kg7 25. Rc3 Rc8 26. Rdc1 Nf8 27. Rb3 Re7 28. b5 axb5 29. axb5 Ne6 30. Nxe6+ Rxe6 31. Ra1 cxb5 32. Rxb5 Rc7 33. Rd1 Rd7 34. Kf1 Kf8 35. Rd4 Ke7 36. Ke2 Ra6 37. Rd2 Ra4 38. g4 Kd8 39. g5 Rh4 40. Rb3 1/2-1/2

[Event "Titled Tue 19th May 2026"]
[Site "chess.com INT"]
[Date "2026.05.19"]
[Round "5"]
[White "Andreikin, D."]
[Black "Donchenko, Alexa"]
[Result "1-0"]
[WhiteElo "2710"]
[BlackElo "2645"]
[PlyCount "79"]
[EventDate "2026.05.19"]

1. d4 Nf6 2. c4 e6 3. Nf3 d5 4. Bg5 Bb4+ 5. Nc3 h6 6. Bxf6 Qxf6 7. e3 O-O 8. Rc1 Nc6 9. Be2 dxc4 10. O-O ({RR} 10. Bxc4 e5 11. O-O exd4 12. Nd5 Qd6 13. Nxd4 Nxd4 14. Qxd4 Bc5 15. Qc3 c6 16. Rcd1 cxd5 17. Rxd5 Bb4 18. Rxd6 Bxc3 19. bxc3 Bf5 20. Rfd1 Rac8 21. R1d4 b5 22. Bxb5 Rxc3 23. g4 Be6 24. a4 Ra3 {Muradli,M (2581)-Faizrakhmanov,R (2379) Moscow RUS 2026 1-0 (38)}) ({RR} 10. Bxc4 e5 11. O-O exd4 12. Nd5 Qd6 13. Nxd4 Nxd4 14. Qxd4 Bc5 15. Qe4 c6 16. Nf4 Rd8 17. Bd3 g6 18. Qc4 g5 19. Rfd1 Qf8 20. Qe4 f5 21. Qc4+ Qf7 22. Qxc5 gxf4 23. exf4 Be6 24. Bc2 Rd5 {Andreikin,D (2710)-Batsuren,D (2504) Hong Kong HKG 2026 1-0 (34)}) 10... Bxc3 11. Rxc3 e5 12. d5 Ne7 $146 ({RR} 12... Rd8 13. Rxc4 Ne7 14. e4 c6 15. Qc2 cxd5 16. exd5 Nxd5 17. Rd1 Bf5 18. Qb3 Nb6 19. Rcc1 e4 20. Ne1 Be6 21. Qa3 Nd5 22. g3 a5 23. Bc4 b6 24. Ng2 Nb4 25. Bxe6 Qxe6 26. Nf4 Qg4 27. Rxd8+ {Shahaliyev,I (2413)-Bluebaum,M (2670) Chess.com INT 2021 0-1 (35)}) ({RR} 12... Rd8 13. Rxc4 Ne7 14. e4 c6 15. Qc2 cxd5 16. exd5 Nxd5 17. Rd1 Bf5 18. Qb3 Nb6 19. Rcc1 e4 20. Ne1 Be6 21. Qa3 Nd5 22. g3 a5 23. Bc4 b6 24. Ng2 Nb4 25. Bxe6 Qxe6 26. Nf4 Qg4 27. Rxd8+ {Shahaliyev,I (2413)-Bluebaum,M (2670) Chess.com INT 2021 0-1 (35)}) 13. Rxc4 Qd6 14. e4 c6 15. dxc6 Qxd1 16. Rxd1 Nxc6 17. Rc5 Be6 18. Bb5 Rfd8 19. Rxd8+ Rxd8 20. h3 Nd4 21. Nxd4 exd4 22. Bd3 b6 23. Rc7 a5 24. Rb7 Bxa2 25. Rxb6 a4 26. f4 f6 27. Kf2 Rd7 28. Kf3 Kf7 29. f5 Bb3 30. Kf4 Re7 31. Rd6 Rb7 32. Rxd4 Ba2 33. Rxa4 Bb3 34. Rd4 Ke8 35. e5 fxe5+ 36. Kxe5 Ke7 37. g4 Ra7 38. Rb4 Ra5+ 39. Rb5 Rxb5+ 40. Bxb5 1-0

[Event "Gibraltar Masters 9th"]
[Site "Caleta"]
[Date "2011.02.03"]
[Round "10"]
[White "Ivanchuk, Vassily"]
[Black "Fridman, Daniel"]
[Result "1-0"]
[WhiteElo "2764"]
[BlackElo "2655"]
[PlyCount "79"]
[EventDate "2011.01.25"]
[EventType "swiss"]
[EventRounds "10"]
[EventCountry "GGB"]
[SourceTitle "CBM 141"]
[Source "ChessBase"]
[SourceDate "2011.03.17"]
[SourceVersion "1"]
[SourceVersionDate "2011.03.17"]
[SourceQuality "1"]

1. c4 ({RR} 1. d4 d5 2. c4 e6 {1-0 (8) Ben Romdhane,S-Ben Salem,M (1075) Monastir 2021}) 1... e6 2. Nf3 d5 3. d4 Nf6 4. Bg5 Be7 5. e3 h6 6. Bh4 ({RR} 6. Bxf6 Bxf6 7. Qc2 O-O 8. h4 c5 9. g4 g6 10. g5 hxg5 11. hxg5 Bg7 12. Nc3 cxd4 13. exd4 Nc6 14. O-O-O Nb4 15. Qd2 dxc4 16. Qf4 Qa5 17. Bxc4 b5 18. Bb3 Bb7 19. Kb1 Rac8 20. Ne4 Bxe4+ {Mamedyarov,S (2767)-So,W (2767) Chess.com INT 2019 1-0}) 6... Ne4 ({RR} 6... b6 7. Nc3 Bb7 8. cxd5 Nxd5 9. Bb5+ c6 10. Bxe7 Nxc3 11. Bxd8 Nxd1 12. Rxd1 Kxd8 13. Bd3 Nd7 14. Bb5 Nb8 15. Bd3 Nd7 16. Ke2 Ke7 17. Rd2 Rhc8 18. Rhd1 c5 19. Bb5 Bxf3+ 20. Kxf3 cxd4 21. Rxd4 {Vyprachticky,D (2309)-Velicka,P (2345) Czech Republic CZE 2026 0-1 (41)}) 7. Bxe7 Qxe7 8. Bd3 c5 $146 ({RR} 8... Qb4+ 9. Nbd2 Nxd2 10. Qxd2 Nc6 11. O-O dxc4 12. Qxb4 Nxb4 13. Bxc4 O-O 14. a3 Nd5 15. Rfc1 c6 16. b4 Bd7 17. Ne5 Nf6 18. Bd3 Rfd8 19. h3 Be8 20. Rab1 Nd7 21. Nc4 Rab8 22. Be2 Nb6 23. Nxb6 {Przybela,J (1621)-Hoffmann,E (1407) Ruhrgebiet 2018 ½-½}) 9. O-O Nc6 10. Ne5 Nf6 11. cxd5 Nxe5 12. dxe5 Nxd5 13. Nd2 O-O 14. Ne4 Qc7 15. Nd6 f6 16. Qg4 fxe5 17. Nxc8 Qxc8 18. Qe4 Rf5 19. Bc4 Kh8 20. Bxd5 exd5 21. Qxd5 Qc7 22. Rfd1 Rc8 23. Rd2 c4 24. Rad1 Rff8 25. h3 Rfe8 26. Qe4 Qc6 27. Qc2 c3 28. Rd6 Qc4 29. bxc3 Qxc3 30. Qe4 Qc4 31. Qxb7 Qxa2 32. Rg6 Rg8 33. Rxg7 Qc2 34. Rxg8+ Rxg8 35. Rd6 Qh7 36. Qc6 Qb1+ 37. Kh2 Qf5 38. Rf6 Qg5 39. Rxh6+ Kg7 40. Rd6 1-0

[Event "Moscow Aeroflot op-A 18th"]
[Site "Moscow"]
[Date "2019.02.23"]
[Round "4"]
[White "Donchenko, Alexander"]
[Black "Nabaty, Tamir"]
[Result "1/2-1/2"]
[WhiteElo "2600"]
[BlackElo "2688"]
[PlyCount "78"]
[EventDate "2019.02.20"]
[EventType "swiss"]
[EventRounds "9"]
[EventCountry "RUS"]
[SourceTitle "CBM 189"]
[Source "ChessBase"]
[SourceDate "2019.04.29"]
[SourceVersion "1"]
[SourceVersionDate "2019.04.29"]
[SourceQuality "1"]

1. Nf3 d5 2. d4 e6 3. c4 a6 4. Bg5 Be7 5. Bxe7 Nxe7 6. e3 O-O 7. Nc3 Nd7 8. Rc1 dxc4 9. Bxc4 b5 ({RR} 9... c5 10. dxc5 Nxc5 11. b4 Qxd1+ 12. Rxd1 Nd7 13. O-O b5 14. Bb3 Nf6 15. Ne5 Ra7 16. Nd3 Bb7 17. Nc5 Bd5 18. Nxd5 Nfxd5 19. a3 a5 20. e4 Nc3 21. Rd2 axb4 22. axb4 Rfa8 23. Rc2 Na2 24. Bxa2 {Nakamura,H (2746)-Carlsen,M (2835) St Petersburg 2018 ½-½ (58)}) 10. Bd3 c5 11. a4 $146 ({RR} 11. Ng5 Nf5 12. h4 Bb7 13. d5 Ne5 14. g4 c4 15. Be4 Nh6 16. Qd4 Nexg4 17. Bxh7+ Kh8 18. Rg1 e5 19. Qd1 f5 20. Bxf5 Nxf2 21. Kxf2 Rxf5+ 22. Ke1 Qb6 23. Qe2 b4 24. Nce4 Bxd5 25. Rd1 Rd8 {Roshka,Y (2501)-Kourkoulos Arditis,S (2527) Eforie Nord ROU 2023 0-1 (39)}) ({RR} 11. Ng5 Nf5 12. h4 Bb7 13. d5 Ne5 14. g4 c4 15. Be4 Nh6 16. Qd4 Nexg4 17. Bxh7+ Kh8 18. Rg1 e5 19. Qd1 f5 20. Bxf5 Nxf2 21. Kxf2 Rxf5+ 22. Ke1 Qb6 23. Qe2 b4 24. Nce4 Bxd5 25. Rd1 Rd8 {Roshka,Y (2501)-Kourkoulos Arditis,S (2527) Eforie Nord ROU 2023 0-1 (39)}) 11... c4 12. Bb1 Qb6 13. O-O Bb7 14. e4 Rfd8 15. Qe2 Rac8 16. Rfe1 Ng6 17. axb5 axb5 18. Qe3 Nf6 19. h3 Qa5 20. e5 Nd5 21. Nxd5 Bxd5 22. Ng5 b4 23. Qe2 Qa7 24. Qg4 Nf8 25. h4 c3 26. bxc3 bxc3 27. Bc2 Rc4 28. Red1 Bc6 29. Ra1 Qd7 30. Ra3 h6 31. Nh3 Ng6 32. Qg3 Rc8 33. h5 Nf8 34. Qd3 Bb5 35. Nf4 Qe7 36. Ra5 Qb4 37. Raa1 Qe7 38. Ra5 Qb4 39. Raa1 Qe7 1/2-1/2

[Event "Titled Tue 10th Jun Early"]
[Site "chess.com INT"]
[Date "2025.06.10"]
[Round "5"]
[White "Deac, Bogdan-Daniel"]
[Black "Carlsen, M."]
[Result "0-1"]
[WhiteElo "2674"]
[BlackElo "2837"]
[PlyCount "78"]
[EventDate "2025.06.10"]

1. d4 {Chessbase - Stockfish 17} d5 2. c4 e6 3. Nf3 Nf6 4. g3 Bb4+ 5. Bd2 a5 6. Bg2 O-O 7. Qc2 Bd6 8. Nc3 $146 ({RR} 8. O-O c6 9. b3 Re8 10. Bc3 Nbd7 11. Nbd2 Qc7 12. e4 Nxe4 13. Nxe4 dxe4 14. Qxe4 h6 15. Rad1 a4 16. b4 a3 17. Ne5 Bxe5 18. dxe5 c5 19. b5 Ra4 20. Qc2 Ra8 21. Rd6 Nb6 22. Qb3 Rd8 {Mozharov,M (2561)-Patrelakis,E (2209) Paleochora 2019 1-0}) ({RR} 8. Bg5 Nbd7 9. O-O h6 10. Bxf6 Nxf6 11. Nc3 c6 12. e4 Nxe4 13. Nxe4 dxe4 14. Qxe4 c5 15. Rad1 ({RR} 15. dxc5 Bxc5 16. Rad1 Qb6 17. Qe2 Qc7 18. Ne5 Bd6 19. f4 a4 20. Kh1 Ra5 21. Ng4 Be7 22. Ne3 Bc5 23. Nc2 Bd7 24. b4 axb3 25. axb3 Ra2 26. Rd2 Bc6 27. Bxc6 Qxc6+ 28. Qg2 Rb2 29. b4 Qxg2+) 15... Qc7 16. Rfe1 Ra6 17. d5 exd5 18. Qxd5 Be7 19. Qe5 Rd6 20. Rd5 Be6 21. Rxc5 Qd8 22. Qe2 Bf6 {Hakobyan,A (2620)-Praggnanandhaa,R (2758) Jermuk ARM 2025 0-1 (78)}) ({RR} 8. O-O c6 9. Nc3 dxc4 10. Ne5 Bc7 11. Rad1 Qxd4 12. Bf4 Qc5 13. Nd7 Nbxd7 14. Bxc7 Re8 15. Bd6 Qh5 16. Rd4 Qg6 17. Qc1 e5 18. Rxc4 Nb6 19. Rh4 Nfd5 20. Bc5 Nxc3 21. bxc3 Nd7 22. Ba3 e4 {Cheng,B (2596)-Ponomariov,R (2622) Bremen GER 2026 0-1 (45)}) ({RR} 8. O-O c6 9. Bg5 Nbd7 10. Nbd2 h6 11. Bxf6 Nxf6 12. e4 dxe4 13. Nxe4 Nxe4 14. Qxe4 c5 15. Rad1 Qc7 16. Qe2 Bd7 17. Rfe1 Rad8 18. Ne5 cxd4 19. Nxd7 Rxd7 20. Rxd4 Rfd8 21. Red1 Bc5 22. Rxd7 Rxd7 {Vaishali,R (2476)-Svane,F (2664) Wijk aan Zee 2025 [Chessbase - Stockfish 17] ½-½ (45)}) 8... dxc4 9. Bg5 Nbd7 10. Rd1 h6 11. Bxf6 Nxf6 12. Nd2 c6 13. Nxc4 Bc7 14. O-O Qe7 15. Ne5 Rd8 16. e3 Nd5 17. Ne4 Nb4 18. Qb1 f6 19. Nc4 b6 20. a3 Nd5 21. Rc1 Ba6 22. Rfd1 Rac8 23. Ncd2 Bb8 24. Nf3 c5 25. dxc5 bxc5 26. Qc2 f5 27. Nc3 Nf6 28. Qa4 Qc7 29. Rxd8+ Rxd8 30. Rd1 Rxd1+ 31. Qxd1 Kf7 32. Qa4 Ke7 33. Bf1 Bb7 34. Bg2 Qb6 35. Qc2 g5 36. Na4 Qd6 37. Qxc5 Qxc5 38. Nxc5 Bc8 39. Nd4 Kd6 0-1

[Event "Bundesliga 0506"]
[Site "Germany"]
[Date "2006.02.19"]
[Round "11.1"]
[White "Gustafsson, Jan"]
[Black "Anand, Viswanathan"]
[Result "0-1"]
[WhiteElo "2615"]
[BlackElo "2788"]
[Annotator "Mueller,Karsten"]
[PlyCount "78"]
[EventDate "2005.10.21"]
[EventType "team-tourn"]
[EventRounds "15"]
[EventCountry "GER"]
[SourceTitle "CBM 112"]
[Source "ChessBase"]
[SourceDate "2006.06.07"]
[SourceVersion "1"]
[SourceVersionDate "2006.06.07"]
[SourceQuality "1"]
[WhiteTeam "Hamburger SK"]
[BlackTeam "Baden-Baden"]
[WhiteTeamCountry "GER"]
[BlackTeamCountry "GER"]

1. d4 Nf6 2. c4 e6 3. Nf3 d5 4. e3 a6 5. Nbd2 c5 6. cxd5 exd5 7. b3 cxd4 ({RR} 7... Nc6 8. Bb2 cxd4 9. Nxd4 Bd6 10. Be2 O-O 11. O-O Re8 12. a3 Qe7 13. b4 Ne5 14. Qb3 b5 15. Rfd1 Bd7 16. Nf1 Nc4 17. Ng3 g6 18. Nf3 Nxb2 19. Qxb2 h5 20. Rac1 a5 21. Nd4 h4 22. Nf1 {Dziuba,M (2568)-Vidit,S (2727) Warsaw 2021 0-1 (44)}) ({RR} 7... b6 8. Bd3 Bb7 9. Bb2 Bd6 10. O-O Nbd7 11. Re1 O-O 12. dxc5 Nxc5 13. Bf1 Re8 14. Rc1 Rc8 15. Nd4 Qd7 16. Rc2 Ng4 17. g3 Ne5 18. N2f3 f6 19. Be2 Ne4 20. Rxc8 Bxc8 21. Nc2 {½-½ (21) Gustafsson,J (2615)-Horvath,C (2563) Austria 2006}) 8. Nxd4 Bb4 9. Qc2 O-O 10. Be2 $146 ({RR} 10. a3 Bd6 11. Be2 Bd7 12. Bb2 Nc6 13. Nxc6 bxc6 14. O-O Re8 15. Bd3 h6 16. Rfc1 c5 17. Bf5 Be6 18. Rd1 Qe7 19. Rac1 Rab8 20. Bxe6 Qxe6 21. Bxf6 Qxf6 22. Nf3 Qe6 23. g3 Bf8 24. Ne1 d4 {Ladopoulos,D (2374)-Mastrovasilis,D (2566) Trikala GRE 2024 ½-½ (52)}) ({RR} 10. a3 Bd6 11. Be2 Bd7 12. Bb2 Nc6 13. Nxc6 bxc6 14. O-O Re8 15. Bd3 h6 16. Rfc1 c5 17. Bf5 Be6 18. Rd1 Qe7 19. Rac1 Rab8 20. Bxe6 Qxe6 21. Bxf6 Qxf6 22. Nf3 Qe6 23. g3 Bf8 24. Ne1 d4 {Ladopoulos,D (2374)-Mastrovasilis,D (2566) Trikala GRE 2024 ½-½ (52)}) 10... Bd7 11. O-O Nc6 12. Nxc6 Bxc6 13. a3 Ba5 14. Bb2 Rc8 15. Bd4 Bb5 16. Qd1 Bxe2 17. Qxe2 Bc3 18. Bxc3 Rxc3 19. Rac1 d4 20. exd4 Qxd4 21. Rxc3 Qxc3 22. Qd1 g6 23. Nc4 Re8 24. h3 Re6 25. a4 h5 26. a5 Kg7 $1 {[%mdl 32] Ein sehr starker Zug, der den König für das Endspiel schon mal näher heranführt und Weiß in eine Art Zugzwang bringt.} 27. Qf3 $2 {Das entstehende Endspiel ist erstaunlich vorteilhaft für Schwarz.} (27. f4 {was a better try to muddy the water. bot bessere Chancen, das Wasser zu trüben.}) 27... Qxf3 $19 28. gxf3 h4 29. Rd1 Nh5 30. Rd7 Re1+ 31. Kh2 Re2 32. Rd2 $6 {Im reinen Springerendspiel ist Weiß chancenlos, weil sein König nicht mitspielt. Allerdings sollte auch} (32. Rxb7 {verlieren, z.B.} Rxf2+ 33. Kg1 Rxf3 34. Ne5 (34. Nd6 $5) 34... Rf5 35. Nc4 g5 36. Rb6 Rf3 37. b4 Nf4 38. Rxa6 Nxh3+ 39. Kh1 g4 $19) 32... Rxd2 33. Nxd2 Kf6 34. Ne4+ Ke5 35. Nc5 Nf4 36. Nxb7 Ne6 $1 {[%cal Ge6d8,Ge6c5,Ge5d6] Dominiert den weißen Springer komplett, was den Untergang besiegelt:} 37. b4 Kd5 38. b5 axb5 39. a6 Kc6 0-1

[Event "RUS-ch Higher League 66th"]
[Site "Ekaterinburg"]
[Date "2013.06.28"]
[Round "8"]
[White "Tomashevsky, Evgeny"]
[Black "Inarkiev, Ernesto"]
[Result "0-1"]
[WhiteElo "2709"]
[BlackElo "2680"]
[PlyCount "78"]
[EventDate "2013.06.20"]
[EventType "swiss"]
[EventRounds "9"]
[EventCountry "RUS"]
[SourceTitle "CBM 155"]
[Source "ChessBase"]
[SourceDate "2013.07.16"]
[SourceVersion "1"]
[SourceVersionDate "2013.07.16"]
[SourceQuality "1"]

1. d4 d5 2. c4 c6 3. Nf3 Nf6 4. e3 e6 5. Bd3 dxc4 6. Bxc4 Nbd7 7. O-O Bd6 8. Re1 O-O 9. e4 e5 10. Bg5 ({RR} 10. h3 Qc7 11. dxe5 Nxe5 12. Nxe5 Bxe5 13. Nd2 Re8 14. Qc2 Be6 15. Bf1 Bh2+ 16. Kh1 Bf4 17. Nf3 h6 18. Bxf4 Qxf4 19. e5 Nd5 20. Re4 Bf5 21. Rxf4 Bxc2 22. Rd4 Rad8 23. Rc1 Bf5 24. Rcd1 Rd7 {Jacobson,B (2569)-Mishra,A (2627) chess.com INT 2024 0-1 (61)}) 10... Re8 ({RR} 10... Qc7 11. h3 exd4 12. Bxf6 gxf6 13. Qxd4 Ne5 14. Nbd2 Rd8 15. Qc3 a5 16. Nxe5 Bxe5 17. Qc2 b5 18. Bf1 a4 19. Nf3 a3 20. Nxe5 axb2 21. Rad1 Rxd1 22. Rxd1 Qxe5 23. Qxc6 Rb8 24. Rd8+ Kg7 25. Qc2 {Wang,Y (2736)-Akopian,V (2679) Elista 2008 ½-½ (46)}) 11. Qb3 Qe7 12. Nbd2 b5 $146 ({RR} 12... h6 13. Bh4 b5 14. Bf1 a6 15. Bg3 c5 16. dxe5 Nxe5 17. Nxe5 Bxe5 18. Bxe5 Qxe5 19. a4 c4 20. Qb4 Bd7 21. axb5 axb5 22. Nf3 Qf4 23. Rxa8 Rxa8 24. e5 Nh7 25. Qd6 Nf8 26. Nd4 Qd2 27. Re2 {Gaifullin,A (2061)-Brinovec,D (1910) Al Ain 2013 0-1 (33)}) ({RR} 12... h6 13. Bh4 b5 14. dxe5 Nxe5 15. Bf1 Bg4 16. Rac1 a6 17. Nd4 g5 18. Bg3 c5 19. Nf5 Bxf5 20. exf5 c4 21. Qc2 Qd7 22. Rcd1 Nd3 23. Bxd3 Rxe1+ 24. Rxe1 cxd3 25. Qxd3 Bxg3 26. Qxd7 Bxh2+ 27. Kxh2 {Taimanov,M-Nei,I Moscow 1963 1-0 (45)}) 13. Bf1 a6 14. a4 Bb7 15. Rad1 Rad8 16. Bh4 Qf8 17. Bg3 Bb8 18. dxe5 Nxe5 19. Bxe5 Bxe5 20. Nxe5 Rxe5 21. Qg3 Rde8 22. Bd3 Qb4 23. Nf3 R5e7 24. e5 Nh5 25. Qg5 Nf4 26. Be4 Ne6 27. Qh4 g6 28. Qf6 bxa4 29. h4 c5 30. Bxb7 Rxb7 31. Rd6 Qxb2 32. h5 a3 33. h6 a2 34. Rxa6 c4 35. Kh2 Qb1 36. Kg3 c3 37. Qh4 c2 38. Qc4 Rf8 39. Rxa2 Rc7 0-1

[Event "EU-ch Online 2300+ Qual"]
[Site "Chess.com INT"]
[Date "2020.05.29"]
[Round "1"]
[White "Deac, Bogdan Daniel"]
[Black "Ter Sahakyan, Samvel"]
[Result "1/2-1/2"]
[WhiteElo "2625"]
[BlackElo "2640"]
[PlyCount "75"]
[EventDate "2020.05.29"]
[EventType "swiss"]
[EventRounds "8"]
[EventCountry "NET"]
[SourceTitle "CBM 196 Extra"]
[Source "ChessBase"]
[SourceDate "2020.07.31"]
[SourceVersion "1"]
[SourceVersionDate "2020.07.31"]
[SourceQuality "1"]

1. Nf3 d5 2. d4 Nf6 3. c4 e6 4. Bg5 dxc4 5. e4 c5 6. Bxc4 ({RR} 6. Nc3 cxd4 7. Qxd4 Qxd4 8. Nxd4 h6 9. Bh4 Bd7 10. Bxc4 Nc6 11. Nxc6 Bxc6 12. f3 a6 13. Rc1 Nd7 14. O-O g5 15. Bf2 Bg7 16. Rfd1 Ke7 17. Bb3 Rhc8 18. a4 b6 19. Bc4 Bxc3 20. Rxc3 Bxa4 {Stocek,J (2471)-Samunenkov,I (2584) Czech Republic CZE 2026 0-1 (52)}) 6... cxd4 7. O-O Nc6 ({RR} 7... Be7 8. e5 Nd5 9. Bxe7 Nxe7 10. Nbd2 O-O 11. Re1 b6 12. Ne4 Ba6 13. Bxa6 Nxa6 14. Nd6 Qd7 15. Qxd4 Rad8 16. Rad1 Nc7 17. Qe4 h6 18. Nd4 Ncd5 19. f4 Nc8 20. Nxc8 Qxc8 21. f5 Qc5 22. fxe6 {Carlsen,M (2863)-Nakamura,H (2736) chess24.com INT 2020 ½-½ (75)}) 8. Bb5 ({RR} 8. Nbd2 h6 9. Bh4 Be7 10. e5 Nd7 11. Bxe7 Qxe7 12. Re1 O-O 13. Nb3 Rd8 14. Qd3 Nb4 15. Qe4 Nb6 16. Bf1 d3 17. Red1 Bd7 18. Nbd4 Ba4 19. b3 Bc6 20. Nxc6 Nxc6 21. Bxd3 g6 22. h4 Nd5 {Deac,B (2679)-Yuan,Q (2373) Chess.com INT 2022 1-0 (49)}) 8... Bd7 $146 ({RR} 8... Qb6 9. Nxd4 Nxe4 10. Nxc6 Bd7 11. Nxa7 Bxb5 12. Be3 Bc5 13. Bxc5 Qxc5 14. Nxb5 Qxb5 15. Na3 Qa4 16. Qxa4+ Rxa4 17. Rfc1 O-O 18. Rc7 Rb4 19. b3 h6 20. Rac1 Rd8 21. f3 Nf6 22. Nc2 Rb5 23. Ne3 {Iniyan,P (2497)-Idani,P (2605) Sharjah UAE 2024 1-0 (49)}) 9. Bxc6 Bxc6 10. Nxd4 Rc8 11. Nc3 Be7 12. Nxc6 Rxc6 13. Qxd8+ Bxd8 14. Rfd1 Ba5 15. Rac1 Bxc3 16. Rxc3 Rxc3 17. bxc3 h6 18. Be3 Nxe4 19. Bxa7 Nxc3 20. Rd3 Nd5 21. Rb3 b6 22. Bxb6 Nxb6 23. Rxb6 Ke7 24. Rb7+ Kf6 25. Ra7 Rc8 26. g3 Rc2 27. a4 Ra2 28. a5 g5 29. a6 g4 30. Ra8 h5 31. a7 Kf5 32. Rh8 Rxa7 33. Rxh5+ Kg6 34. Rh4 f5 35. h3 gxh3 36. Rxh3 e5 37. Rh4 Rb7 38. Kg2 1/2-1/2

[Event "Tata Steel-A 78th"]
[Site "Wijk aan Zee"]
[Date "2016.01.19"]
[Round "4"]
[White "Eljanov, Pavel"]
[Black "Van Wely, Loek"]
[Result "1-0"]
[WhiteElo "2760"]
[BlackElo "2640"]
[PlyCount "75"]
[EventDate "2016.01.16"]
[EventType "tourn"]
[EventRounds "13"]
[EventCountry "NED"]
[EventCategory "20"]
[SourceTitle "CBM 171"]
[Source "ChessBase"]
[SourceDate "2016.03.14"]
[SourceVersion "2"]
[SourceVersionDate "2016.03.14"]
[SourceQuality "1"]

1. d4 d5 2. c4 c6 3. Nf3 Nf6 4. e3 e6 5. Bd3 Nbd7 6. O-O b6 7. b3 Bb7 8. Bb2 Be7 9. Nbd2 O-O 10. Qe2 Rc8 11. Ne5 ({RR} 11. Rac1 dxc4 12. Nxc4 b5 13. Nce5 Qb6 14. Ng5 h6 15. Nxd7 Nxd7 16. Ne4 Rfe8 17. Rfd1 f5 18. Nd2 a6 19. a4 Bf8 20. h3 Nf6 21. Nf3 bxa4 22. bxa4 c5 23. dxc5 Bxc5 24. Rb1 Bxf3 25. Qxf3 Qc6 {Lupulescu,C (2633)-Bulski,K (2534) Germany 2014 1-0 (35)}) ({RR} 11. Rfd1 Qc7 12. Rac1 Qb8 13. e4 dxe4 14. Nxe4 c5 15. Nxf6+ Bxf6 16. Ne5 Nxe5 17. dxe5 Bg5 18. Qh5 h6 19. Rb1 Qa8 20. Qg4 Rfd8 21. f4 Be7 22. f5 exf5 23. Bxf5 Rxd1+ 24. Rxd1 Rd8 25. e6 Rxd1+ {Postnikov,A (2334)-Zhao,S (2194) Pozarevac SRB 2026 ½-½ (47)}) 11... c5 12. f4 Ne4 13. Bxe4 $146 ({RR} 13. cxd5 exd5 14. Nxe4 dxe4 15. Bc4 cxd4 16. Bxd4 Nxe5 17. Bxe5 Kh8 18. Rfd1 Qe8 19. Bb5 Bc6 20. Ba6 Rd8 21. Rxd8 Qxd8 22. Rd1 Qa8 23. Bd6 Bxd6 24. Rxd6 Rd8 25. Qd2 Rxd6 26. Qxd6 Bd5 27. Qc7 h6 {Friedrichs,K (2248)-Pataki,G (2294) Paks 2000 1-0 (53)}) ({RR} 13. cxd5 exd5 14. Nxe4 dxe4 15. Bc4 cxd4 16. Bxd4 Nxe5 17. Bxe5 Bd5 18. Rad1 Bxc4 19. Qg4 f6 20. Rxd8 Rfxd8 21. bxc4 fxe5 22. Qe6+ Kf8 23. fxe5+ Ke8 24. Qf7+ Kd7 25. Rd1+ Kc6 26. Qe6+ {1-0 (26) Shaposhnikov,E (2539)-Sorokobjagin,S (2253) Chess.com INT 2015}) 13... dxe4 14. Rad1 cxd4 15. Nxe4 Nxe5 16. fxe5 Bxe4 17. Rxd4 Bd5 18. cxd5 Bc5 19. Rd3 exd5 20. Qf3 Qg5 21. Kh1 h6 22. h3 Rc7 23. Kh2 Rfc8 24. Qxd5 Qg6 25. Rfd1 Be7 26. Bd4 Rc2 27. R3d2 Rxd2 28. Rxd2 Bh4 29. Rd1 Rc2 30. a4 Qf5 31. Kh1 Rf2 32. e4 Rf1+ 33. Bg1 Qf2 34. Rxf1 Qxf1 35. e6 Be7 36. Qd7 Qf6 37. exf7+ Qxf7 38. Qxa7 1-0